Sexual selection and animal genitalia

Uloženo v:
Podrobná bibliografie
Hlavní autor: Eberhard, William G
Médium: Kniha
Jazyk:angličtina
Vydáno: Cambridge Harvard University Press 1985
Témata:
Tagy: Přidat tag
Žádné tagy, Buďte první, kdo vytvoří štítek k tomuto záznamu!

MARC

LEADER 00000nam a2200000 a 4500
001 UCW0549
003 CL-VaPUC
005 20240125152848.0
008 920928e19850000US |||||||||||||||||eng|d
999 |c 215677  |d 215675 
040 |c Pontificia Universidad Católica de Valparaíso 
082 0 4 |a 591.562 EBE 1985  |2 21 
100 0 |a Eberhard, William G  |9 304468 
245 1 0 |a Sexual selection and animal genitalia 
260 |a Cambridge  |b Harvard University Press  |c 1985 
300 |a 244 páginas 
583 |a last modification  |c 19920928 00:00:00  |k Rodrigo Vera 
650 7 |a SELECCION SEXUAL EN ANIMALES  |2 CL-VaPUC  |9 269767 
650 0 |a Aparato genital  |9 343786 
942 |c BK  |2 ddc 
945 |d 19920928 00:00:00 
952 |0 0  |1 0  |2 ddc  |4 0  |6 591_562000000000000_EBE_1985  |7 0  |8 A  |9 200326  |a BIBCUR  |b BIBCUR  |d 2019-11-14  |i 2675854  |l 1  |o 591.562 EBE 1985  |p 2675854  |r 2025-04-22  |s 2025-03-14  |t 1  |w 2019-11-14  |y BK  |k BIO